000 01311nam a2200313 a 4500
001 ebr10559399
003 CaPaEBR
006 m u
007 cr cn|||||||||
008 120524s2012 enka sf 001 0 eng d
020 _z9781119962656
020 _z9781119968733 (e-book)
040 _aCaPaEBR
_cCaPaEBR
035 _a(OCoLC)797826352
050 1 4 _aHF5681.C28
_bJ87 2012eb
100 1 _aJury, Timothy D. H.
245 1 0 _aCash flow analysis and forecasting
_h[electronic resource] :
_bthe definitive guide to understanding and using published cash flow data /
_cTimothy D.H. Jury.
260 _aWest Sussex [England] :
_bJohn Wiley & Sons,
_c2012.
300 _axv, 317 p. :
_bill.
490 1 _aWiley finance
500 _aIncludes index.
505 0 _asection 1. Historic cash flow analysis -- section 2. Forecasting cash flows.
533 _aElectronic reproduction.
_bPalo Alto, Calif. :
_cebrary,
_d2011.
_nAvailable via World Wide Web.
_nAccess may be limited to ebrary affiliated libraries.
650 0 _aCash flow
_vHandbooks, manuals, etc.
655 7 _aElectronic books.
_2local
710 2 _aebrary, Inc.
830 0 _aWiley finance series.
856 4 0 _uhttp://site.ebrary.com/lib/rucke/Doc?id=10559399
_zAn electronic book accessible through the World Wide Web; click to view
999 _c88927
_d88927